Conference (1967: Cambridge) Report of proceedings... (Record no. 95280)

MARC details
000 -LEADER
fixed length control field 00447cam a2200181 4500
001 - CONTROL NUMBER
control field D2638
008 - FIXED-LENGTH DATA ELEMENTS--GENERAL INFORMATION
fixed length control field 090401t1968 xxu||||| |||| 00| 0 eng d
035 ## - SYSTEM CONTROL NUMBER
System control number (Sirsi) u70069
041 ## - LANGUAGE CODE
Language code of text/sound track or separate title eng
050 ## - LIBRARY OF CONGRESS CALL NUMBER
Classification number 526.9
110 ## - MAIN ENTRY--CORPORATE NAME
Corporate name or jurisdiction name as entry element Commonwealth Survey Officer
9 (RLIN) 2588
245 ## - TITLE STATEMENT
Title Conference (1967: Cambridge) Report of proceedings...
260 ## - PUBLICATION, DISTRIBUTION, ETC.
Place of publication, distribution, etc. London
Name of publisher, distributor, etc. HMSO
Date of publication, distribution, etc. 1968
300 ## - PHYSICAL DESCRIPTION
Extent 2v. ill. 30cm
350 ## - PRICE (NR) (BK AM CF MU VM SE) [OBSOLETE]
Price 0
942 ## - ADDED ENTRY ELEMENTS (KOHA)
Suppress in OPAC 0
948 ## - LOCAL PROCESSING INFORMATION (OCLC); SERIES PART DESIGNATOR (RLIN)
c (OCLC) 04/03/1997
Holdings
Withdrawn status Lost status Source of classification or shelving scheme Damaged status Not for loan Home library Current library Shelving location Date acquired Total Checkouts Full call number Barcode Date last seen Copy number Price effective from Koha item type
    Dewey Decimal Classification     London London Basement 28/10/1993   SHELF 316 30013252 06/08/2019 2 06/08/2019 Book
    Dewey Decimal Classification     London London Basement 28/10/1993   SHELF 316 30013256 06/08/2019 4 06/08/2019 Book